000 00520nam a22001817a 4500
999 _c260266
_d260265
003 OSt
005 20230627151639.0
008 230627b xxu||||| |||| 00| 0 eng d
010 _a98031910
020 _a1572319399 (pbk.)
040 _a DLC
_c DLC
_d DLC
050 _aHD69.T54
_bN443 1999
100 _aNeibauer, Alan R.
245 _aRunning Microsoft Outlook 2000 /
_c Alan Neibauer.
260 _aRedmond, Wash. :
_bMicrosoft Press,
_cc1999.
300 _a xxvi, 715 p. :
_b ill. ;
_c 24 cm.
942 _2lcc
_cBK